Enzymatic hydrolysis of some Malaysian woods (Record no. 47773)

MARC details
000 -LEADER
fixed length control field 00377nam a2200145Ia 4500
100 ## - MAIN ENTRY--AUTHOR NAME
Personal name Tomimura Y
245 #0 - TITLE STATEMENT
Title Enzymatic hydrolysis of some Malaysian woods
260 ## - PUBLICATION, DISTRIBUTION, ETC. (IMPRINT)
Name of publisher Journal of Tropical Forest Science
Year of publication 1989
300 ## - PHYSICAL DESCRIPTION
Number of Pages 255-262
500 ## - GENERAL NOTE
General note CAB CD 1991-92
700 ## - ADDED ENTRY--PERSONAL NAME
Personal name Khoo K C
700 ## - ADDED ENTRY--PERSONAL NAME
Personal name Puri F A
942 ## - ADDED ENTRY ELEMENTS (KOHA)
Koha item type Bibliography RLWO
Holdings
Withdrawn status Lost status Damaged status Not for loan Home library Current library Date acquired Serial Enumeration / chronology Koha item type
      Bibliography RRII Library RRII Library 31/12/2021 Volume 1, Issue 3 Bibliography RLWO